000 00673cab a2200229 4500
001 ABS57697
008 090401t1997 xxu||||| |||| 00| 0 eng d
035 _a(Sirsi) u81578
041 _aeng
100 _aHuxtable, J.
245 _aStudying the form
260 _c1997
350 _a0
490 _aBuilding Procurement
_vOctober 1997, 8-9(2)
520 _aThe author examines Try Construction`s subcontract for potentially hazardous conditions. Their response is included.
650 _aHAZARDOUS CLAUSES
650 _aSUBCONTRACTS
650 _aTRY CONSTRUCTION
690 _aBUILT ENVIRONMENT-BUILDING CONTRACT FORMS
942 _n0
948 _c21/10/1997
999 _c51409
_d51409